| 000 | 00648cam a22002053a 4500 | ||
|---|---|---|---|
| 001 | 44721 | ||
| 003 | PGUSA | ||
| 005 | 20140828084024.0 | ||
| 008 | 140120s2014||||xxu|||||s|||||000 | eng d | ||
| 040 |
_aPGUSA _beng |
||
| 042 | _adc | ||
| 100 | 1 |
_aYonge, Charlotte M. _q(Charlotte Mary), _d1823-1901 |
|
| 245 | 1 | 4 |
_aThe Pillars of the House, Vol. II (of 2) ; _bor, Under Wode, Under Rode _h[electronic resource] / _cCharlotte M. Yonge |
| 260 |
_bProject Gutenberg, _c2014 |
||
| 506 | _aPublic domain in the USA. | ||
| 516 | _aElectronic text | ||
| 830 | 0 |
_aProject Gutenberg _v44721 |
|
| 856 | 4 | 0 | _uhttp://www.gutenberg.org/ebooks/44721 |
| 942 | _cEB | ||
| 999 |
_c273972 _d273972 |
||